000 00676cam a22002413a 4500
001 29260
003 PGUSA
005 20140828083631.0
008 090628s2009||||xxu|||||s|||||000 | eng d
040 _aPGUSA
_beng
042 _adc
050 4 _aPZ
100 1 _aBailey, Roy Rutherford
245 1 0 _aSure Pop and the Safety Scouts
_h[electronic resource] /
_cRoy Rutherford Bailey
260 _bProject Gutenberg,
_c2009
506 _aPublic domain in the USA.
516 _aElectronic text
653 _aAccidents -- Prevention
653 _aSafety education
830 0 _aProject Gutenberg
_v29260
856 4 0 _uhttp://www.gutenberg.org/ebooks/29260
942 _cEB
999 _c258515
_d258515